| 000 | 00464nam a2200193Ia 4500 | ||
|---|---|---|---|
| 003 | OSt | ||
| 005 | 20251023115508.0 | ||
| 008 | 221004b |||||||| |||| 00| 0 eng d | ||
| 037 | _cTB | ||
| 040 |
_aAL _cAL _bTAM |
||
| 041 |
_2TAM _aTAM |
||
| 084 | _bAL | ||
| 245 | 0 | _aTamil Language Book | |
| 260 | _c1994. | ||
| 300 | _a330p. | ||
| 365 |
_b45.00 _cINR |
||
| 942 |
_cTB _2cc _n0 |
||
| 999 |
_c1053037 _d1053037 |
||